000 00303nam a2200133Ia 4500
008 150301s2015 xx 000 0 und d
082 _a615
_bM11S
100 _aP.R. SENGUPTA
245 _aMEDICAL PHARMACOLOGY
260 _bCBS- DELHI
300 _a567
650 _aPHARMACOLOGY
942 _2ddc
_cBK
_016
999 _c7131
_d7131